Spatial Econometric Approach to the EU Regional Employment Process

Tento príspevok sa zaoberá odhadom priestorových ekonometrických modelov miery zamestnanosti v 259 regiónoch Európskej únie NUTS 2 v roku 2018. Skúmanie regionálnych špecifických faktorov a overovanie hypotéz.

Enregistré dans:
Détails bibliographiques
Auteur principal: Furková, Andrea, 1975-
Autres auteurs: Chocholatá, Michaela, 1977-
Format: Chapitre de livre
Langue:anglais
Sujets:
Tags: Ajouter un tag
Pas de tags, Soyez le premier à ajouter un tag!

MARC

LEADER 00000naa a2200000 4500
001 0277248
005 20250602091216.4
041 0 |a eng 
044 |a DE 
245 1 0 |a Spatial Econometric Approach to the EU Regional Employment Process  |c Andrea Furková, Michaela Chocholatá 
520 |a Tento príspevok sa zaoberá odhadom priestorových ekonometrických modelov miery zamestnanosti v 259 regiónoch Európskej únie NUTS 2 v roku 2018. Skúmanie regionálnych špecifických faktorov a overovanie hypotéz. 
610 2 0 |a analýza ekonometrická 
610 2 0 |a zamestnanosť 
610 2 0 |a regresia 
610 2 0 |a modely analytické ekonometrické 
610 2 0 |a Európa 
100 1 |a Furková, Andrea, 1975- 
700 1 |a Chocholatá, Michaela, 1977-